[Event "Krasnograd Christmas op"]
[Site "Krasnograd"]
[Date "2018.01.16"]
[Round "3"]
[White "Doronin, Oleg"]
[Black "Yushinov, Nikolay"]
[Result "1-0"]
[WhiteElo "2161"]
[BlackElo "2220"]
[PlyCount "79"]
[EventDate "2018.01.15"]
[EventType "swiss"]
[EventRounds "9"]
[EventCountry "UKR"]
[SourceTitle "CBM 182 Extra"]
[Source "ChessBase"]
[SourceDate "2018.02.23"]
[SourceVersion "1"]
[SourceVersionDate "2018.02.23"]
[SourceQuality "1"]

1. e4 e6 2. d4 d5 3. Nc3 Nf6 4. Bg5 Bb4 5. e5 h6 6. Be3 Ne4 7. Qg4 g6 8. a3 Bxc3+ 9. bxc3 Nxc3 10. Bd3 c5 11. dxc5 Nc6 12. Nf3 Qa5 13. 0-0 Bd7 14. Qf4 Rh7 15. a4 0-0-0 16. Nd4 g5 17. Nxc6 Bxc6 18. Qd4 Ne4 19. f3 g4 20. fxg4 Rg7 21. h3 Rh8 22. c4 Nd2 23. Bxd2 Qxd2 24. Rf2 Qa5 25. cxd5 Bxd5 26. Be4 Bxe4 27. Qxe4 Qxc5 28. Rb1 Qd5 29. Qe3 Kb8 30. Rfb2 Rc8 31. Rxb7+ Qxb7 32. Rxb7+ Kxb7 33. Qxh6 Rgg8 34. Qf4 Rgf8 35. h4 Kb6 36. h5 Ka5 37. g5 Rb8 38. h6 Rb4 39. Qf6 Kxa4 40. g6 1-0

[Event "Zolochiv Winter op"]
[Site "Zolochiv"]
[Date "2017.12.06"]
[Round "6"]
[White "Winichenko, Mikhail"]
[Black "Doronin, Oleg"]
[Result "1-0"]
[WhiteElo "2284"]
[BlackElo "2107"]
[PlyCount "39"]
[EventDate "2017.12.03"]
[EventType "swiss"]
[EventRounds "9"]
[EventCountry "UKR"]
[SourceTitle "EXT 2019"]
[Source "ChessBase"]
[SourceDate "2018.10.10"]
[SourceVersion "1"]
[SourceVersionDate "2018.10.10"]
[SourceQuality "1"]

1. f4 e5 2. fxe5 d6 3. exd6 Bxd6 4. Nf3 g5 5. d4 g4 6. Ne5 Qf6 7. Nc3 Be6 8. e4 Bxe5 9. dxe5 Qxe5 10. Bb5+ c6 11. Be3 Nf6 12. Be2 Nbd7 13. 0-0 0-0-0 14. Qd4 Qa5 15. b4 Qc7 16. Qxa7 Ne8 17. b5 Nd6 18. bxc6 bxc6 19. Ba6+ Nb7 20. Rab1 1-0

[Event "Nevinnomyssk Rating 5th"]
[Site "Nevinnomyssk"]
[Date "2010.09.??"]
[Round "4"]
[White "Doronin, Oleg"]
[Black "Berdychevskaya, Natasha"]
[Result "1-0"]
[WhiteElo "1973"]
[BlackElo "2210"]
[PlyCount "94"]
[EventDate "2010.09.29"]
[EventType "swiss"]
[EventRounds "9"]
[EventCountry "RUS"]
[SourceTitle "EXT 2013"]
[Source "ChessBase"]
[SourceDate "2012.11.22"]
[SourceVersion "1"]
[SourceVersionDate "2012.11.22"]
[SourceQuality "1"]

1. d4 g6 2. c4 Bg7 3. Nc3 c5 4. dxc5 Qa5 5. Qc2 Nf6 6. Nf3 Nc6 7. e3 Qxc5 8. Be2 0-0 9. 0-0 d5 10. Na4 Qd6 11. c5 Qc7 12. b3 e5 13. Bb2 h6 14. a3 Be6 15. Rad1 Ne4 16. Nc3 Rfd8 17. Nxe4 dxe4 18. Nd2 a5 19. Bc4 Bxc4 20. Nxc4 Ne7 21. Qxe4 Qxc5 22. Bxe5 Bxe5 23. Qxe5 Qxe5 24. Nxe5 Nd5 25. Nc4 a4 26. bxa4 Nc3 27. Rxd8+ Rxd8 28. Rc1 Nxa4 29. h3 b5 30. Ne5 Rd2 31. Rb1 Nc3 32. Rb3 Rc2 33. Nd3 Kf8 34. Nb4 Rc1+ 35. Kh2 Ke8 36. Kg3 Kd7 37. Nd3 Rc2 38. Ne5+ Ke6 39. Nf3 Kd5 40. Nd4 Kc4 41. Rxb5 Rxf2 42. Rc5+ Kxc5 43. Kxf2 Nb1 44. Nc2 Kc4 45. Ke2 Kc3 46. Kd1 Kb3 47. Nd4+ Kxa3 1-0